The Philosophy of Body /
Colección de textos filosóficos sobre el rol del cuerpo en el yo, en la percepción, en la intención y la acción, en la inteligencia artificial, en los pensamientos acerca del sexo y el género y en las reflexiones sobre el psicoanálisis.
Enregistré dans:
| Auteur principal: | |
|---|---|
| Format: | Livre |
| Langue: | anglais |
| Publié: |
Malden, EUA :
Blackwell,
2003, c2003
|
| Sujets: | |
| Tags: |
Pas de tags, Soyez le premier à ajouter un tag!
|
MARC
| LEADER | 00000nam^a2200000^a^4500 | ||
|---|---|---|---|
| 001 | 000183880 | ||
| 005 | 20250521000000.0 | ||
| 009 | 20260310102054.931 | ||
| 020 | |a 1-4051-0895-9 | ||
| 037 | |a Acervo ITESO - Biblioteca | ||
| 041 | |a ING | ||
| 082 | |a 128. 2 |b PRO | ||
| 100 | |a Proudfoot, Mike |e (ed.) | ||
| 245 | 1 | 4 | |a The Philosophy of Body / |c Ed. de M. Proudfoot. |
| 264 | 4 | |a Malden, EUA : |b Blackwell, |c 2003, c2003 | |
| 300 | |a IX, 130 p. | ||
| 336 | |a texto |b txt |2 rdacontenido | ||
| 337 | |a sin mediación |b n |2 rdamedio | ||
| 338 | |a volumen |b nc |2 rdasoporte | ||
| 520 | |a Colección de textos filosóficos sobre el rol del cuerpo en el yo, en la percepción, en la intención y la acción, en la inteligencia artificial, en los pensamientos acerca del sexo y el género y en las reflexiones sobre el psicoanálisis. | ||
| 649 | |a XX | ||
| 650 | |a Alma y Cuerpo | ||
| 650 | |a Cuerpo Humano - |x Aspectos Sociales y Culturales | ||
| 650 | |a Cuerpo Humano - |x Filosofía | ||
| 650 | |a Género | ||
| 650 | |a Sexualidad | ||
| 650 | |a Identidad Personal | ||
| 650 | |a Personalidad | ||
| 650 | |a Yo (Psicoanálisis) | ||
| 650 | |a Psicoanálisis | ||
| 650 | |a Percepción | ||
| 650 | |a Psicología | ||
| 650 | |a Inteligencia Artificial | ||
| 650 | |a Antropología Filosófica | ||
| 650 | |a Filosofía | ||
| 910 | |a Fondo General | ||
| 920 | |a Impresos - Libros | ||
| 930 | |a Colección General | ||
| 905 | |a 101 | ||
| 901 | |a 0500124611 |b IT1 |c ACC |u 20250521 | ||
| 902 | |a https://opac.biblio.iteso.mx/vufind/Record/000183880 | ||